00558nam a22001697a 450000500170000001000150001702000270003203500140005903700130007308200110008610000190009724500480011626000400016427001090020430000250031350000500033820190722123603.0 aENG-126023 a9788178441986c1495.00 aEN-109555 bDBAD/PUB a301.32 aGajanafar Alam aPopulation and society /cby Gajanafar Alam aNew DelhibR.K. Pulblicationsc2018 a4806/24, Bharat Ram Road, Darya GanjbNew Delhie110002k011-23285167, 65185557minfo@kkpublications.com aviii,288p.c25cm(Hb) aIncludes bibliographical references and index